[Event "Mitropa Online Cup Women 2021"]
[Site "Hybrid"]
[Date "2021.05.04"]
[Round "6.4"]
[White "Vujnovic, Patricija"]
[Black "Monpeurt, Cyrielle"]
[Result "0-1"]
[WhiteElo "2129"]
[BlackElo "2166"]
[Annotator "NA"]
[PlyCount "136"]
[EventDate "2021.05.04"]
[EventType "team-tourn"]
[EventCountry "NET"]
[SourceTitle "playchess.com"]
[Source "ChessBase"]
[SourceQuality "1"]
[WhiteTeam "Croatia"]
[BlackTeam "France"]
[WhiteTeamCountry "CRO"]
[BlackTeamCountry "FRA"]
[TimeControl "40/5400+30:1800+30"]

1. c4 {[%emt 0:00:00]} c5 {[%emt 0:01:07]} 2. Nc3 {[%emt 0:00:11]} Nc6 {[%emt 0:01:01]} 3. Nf3 {[%emt 0:00:07]} Nf6 {[%emt 0:00:45]} 4. d4 {[%emt 0:00:09]} cxd4 {[%emt 0:01:13]} 5. Nxd4 {[%emt 0:00:06]} e6 {[%emt 0:00:17]} 6. Ndb5 {[%emt 0:00:11]} d5 {[%emt 0:10:14]} 7. Bf4 {[%emt 0:01:20]} e5 {[%emt 0:04:47]} 8. cxd5 {[%emt 0:00:17]} exf4 {[%emt 0:02:38]} 9. dxc6 {[%emt 0:00:45]} bxc6 {[%emt 0:00:44]} 10. Qxd8+ {[%emt 0:01:20]} Kxd8 {[%emt 0:00:13]} 11. Rd1+ {[%emt 0:00:36]} Bd7 {[%emt 0:00:59]} 12. Nd6 {[%emt 0:00:49]} Bxd6 {[%emt 0:07:30]} 13. Rxd6 {[%emt 0:00:33]} Rb8 {[%emt 0:00:09]} 14. Rd2 {[%emt 0:05:16]} Kc7 {[%emt 0:08:23]} 15. g3 {[%emt 0:01:03]} fxg3 {[%emt 0:08:53]} 16. hxg3 {[%emt 0:00:23]} Rhd8 {[%emt 0:00:19]} 17. Bg2 {[%emt 0:05:46]} Be6 {[%emt 0:02:52]} 18. Rxd8 {[%emt 0:11:13]} Kxd8 {[%emt 0:05:28]} 19. b3 {[%emt 0:01:02]} c5 {[%emt 0:01:59]} 20. Rh4 {[%emt 0:04:12]} Rb4 {[%emt 0:02:06]} 21. Na4 {[%emt 0:44:53]} Rxh4 {[%emt 0:06:12]} 22. gxh4 {[%emt 0:00:16]} Nd7 {[%emt 0:00:14]} 23. Kd2 {[%emt 0:03:15]} Kc7 {[%emt 0:02:15]} 24. Nc3 {[%emt 0:04:22]} a5 {[%emt 0:05:54]} 25. Nd5+ {[%emt 0:01:43]} Kd6 {[%emt 0:01:21]} 26. Nf4 {[%emt 0:00:06]} Ne5 {[%emt 0:03:44]} 27. Nxe6 {[%emt 0:00:35]} Kxe6 {[%emt 0:00:27]} 28. Kc3 {[%emt 0:03:40]} Kd6 {[%emt 0:01:54]} 29. Be4 {[%emt 0:03:20]} Ng4 {[%emt 0:02:57]} 30. f4 {[%emt 0:00:37]} Nf6 {[%emt 0:00:21]} 31. Bf3 {[%emt 0:00:25]} Nd5+ {[%emt 0:05:29]} 32. Kc4 {[%emt 0:00:10]} Nxf4 {[%emt 0:01:58]} 33. Kb5 {[%emt 0:01:04]} Ng6 {[%emt 0:01:32]} 34. h5 {[%emt 0:01:04]} Ne5 {[%emt 0:00:17]} 35. Be4 {[%emt 0:00:18]} g6 {[%emt 0:00:45]} 36. hxg6 {[%emt 0:01:46]} fxg6 {[%emt 0:00:36]} 37. Kxa5 {[%emt 0:00:37]} h5 {[%emt 0:03:09]} 38. Kb6 {[%emt 0:01:34]} g5 {[%emt 0:03:12]} 39. a4 {[%emt 0:00:23]} Nd7+ {[%emt 0:00:32]} 40. Kb7 {[%emt 0:00:00]} c4 {[%emt 0:00:00]} 41. b4 {[%emt 0:02:11]} Nf6 {[%emt 0:10:31]} 42. a5 {[%emt 0:15:34]} Nxe4 {[%emt 0:00:22]} 43. a6 {[%emt 0:00:03]} c3 {[%emt 0:00:39]} 44. a7 {[%emt 0:00:02]} c2 {[%emt 0:00:22]} 45. a8=Q {[%emt 0:00:04]} c1=Q {[%emt 0:00:19]} 46. Qd8+ {[%emt 0:05:21]} Ke5 {[%emt 0:01:10]} 47. Qe8+ {[%emt 0:00:13]} Kd4 {[%emt 0:02:26]} 48. Qh8+ {[%emt 0:01:41]} Ke3 {[%emt 0:00:43]} 49. Qxh5 {[%emt 0:00:05]} Qc4 {[%emt 0:02:44]} 50. Qh3+ {[%emt 0:04:45]} Kxe2 {[%emt 0:00:43]} 51. Qg2+ {[%emt 0:00:37]} Kd3 {[%emt 0:01:11]} 52. Qf1+ {[%emt 0:00:53]} Kc3 {[%emt 0:02:54]} 53. Qe1+ {[%emt 0:00:25]} Kb3 {[%emt 0:01:36]} 54. Ka7 {[%emt 0:02:50]} Ka4 {[%emt 0:03:54]} 55. Qa1+ {[%emt 0:02:09]} Kxb4 {[%emt 0:00:14]} 56. Qb2+ {[%emt 0:00:43]} Kc5 {[%emt 0:00:37]} 57. Qe5+ {[%emt 0:00:45]} Qd5 {[%emt 0:00:46]} 58. Qe7+ {[%emt 0:00:37]} Kd4 {[%emt 0:00:36]} 59. Qb4+ {[%emt 0:00:18]} Qc4 {[%emt 0:01:35]} 60. Qb2+ {[%emt 0:00:20]} Kd5 {[%emt 0:00:49]} 61. Qb7+ {[%emt 0:00:11]} Kd6 {[%emt 0:01:29]} 62. Qb6+ {[%emt 0:01:11]} Kd7 {[%emt 0:00:26]} 63. Qb2 {[%emt 0:01:22]} Qc7+ {[%emt 0:02:50]} 64. Ka8 {[%emt 0:00:41]} Qa5+ {[%emt 0:01:35]} 65. Kb8 {[%emt 0:00:10]} Qd8+ {[%emt 0:01:22]} 66. Ka7 {[%emt 0:00:18]} Nd6 {[%emt 0:00:28]} 67. Qg7+ {[%emt 0:00:39]} Qe7 {[%emt 0:00:16]} 68. Qc3 {[%emt 0:00:58]} Nb5+ {[%emt 0:00:17]} 0-1

[Event "Mitropa Online Cup Women 2021"]
[Site "Hybrid"]
[Date "2021.05.04"]
[Round "6.4"]
[White "Afraoui, Anaelle"]
[Black "Radikovic, Anamarija"]
[Result "0-1"]
[WhiteElo "2106"]
[BlackElo "2006"]
[Annotator "NA"]
[PlyCount "140"]
[EventDate "2021.05.04"]
[EventType "team-tourn"]
[EventCountry "NET"]
[SourceTitle "playchess.com"]
[Source "ChessBase"]
[SourceQuality "1"]
[WhiteTeam "France"]
[BlackTeam "Croatia"]
[WhiteTeamCountry "FRA"]
[BlackTeamCountry "CRO"]
[TimeControl "40/5400+30:1800+30"]

1. e4 {[%emt 0:00:00]} c5 {[%emt 0:00:03]} 2. Nf3 {[%emt 0:00:14]} d6 {[%emt 0:00:03]} 3. d4 {[%emt 0:00:41]} cxd4 {[%emt 0:00:02]} 4. Nxd4 {[%emt 0:00:20]} Nf6 {[%emt 0:00:02]} 5. Nc3 {[%emt 0:00:32]} a6 {[%emt 0:00:03]} 6. Be3 {[%emt 0:00:36]} e5 {[%emt 0:00:05]} 7. Nf3 {[%emt 0:00:21]} Be7 {[%emt 0:01:23]} 8. Bc4 {[%emt 0:02:36]} O-O {[%emt 0:00:30]} 9. O-O {[%emt 0:00:16]} Nc6 {[%emt 0:02:44]} 10. Qd2 {[%emt 0:08:06]} Bg4 {[%emt 0:02:51]} 11. Nh4 {[%emt 0:08:23]} Rc8 {[%emt 0:10:18]} 12. Bb3 {[%emt 0:03:20]} b5 {[%emt 0:01:18]} 13. Nf5 {[%emt 0:02:45]} b4 {[%emt 0:11:25]} 14. Nd5 {[%emt 0:04:07]} Nxe4 {[%emt 0:01:17]} 15. Nfxe7+ {[%emt 0:01:21]} Nxe7 {[%emt 0:00:04]} 16. Nxe7+ {[%emt 0:01:21]} Qxe7 {[%emt 0:00:04]} 17. Qxb4 {[%emt 0:00:19]} Bf5 {[%emt 0:01:07]} 18. f4 {[%emt 0:11:01]} exf4 {[%emt 0:03:58]} 19. Rxf4 {[%emt 0:01:43]} Bg6 {[%emt 0:09:25]} 20. Re1 {[%emt 0:03:39]} Qe5 {[%emt 0:06:50]} 21. Rf3 {[%emt 0:07:28]} a5 {[%emt 0:03:09]} 22. Qa3 {[%emt 0:14:48]} Ng5 {[%emt 0:13:33]} 23. Rf2 {[%emt 0:02:48]} Ne4 {[%emt 0:08:51]} 24. Rff1 {[%emt 0:00:24]} Nf6 {[%emt 0:01:43]} 25. c3 {[%emt 0:06:52]} Rfe8 {[%emt 0:04:34]} 26. Bf2 {[%emt 0:01:35]} Ne4 {[%emt 0:03:31]} 27. Qa4 {[%emt 0:06:12]} Rb8 {[%emt 0:05:37]} 28. Bd4 {[%emt 0:02:01]} Qg5 {[%emt 0:00:36]} 29. Bb6 {[%emt 0:01:47]} Nf6 {[%emt 0:02:12]} 30. Qxa5 {[%emt 0:01:46]} Qd2 {[%emt 0:00:58]} 31. Rxe8+ {[%emt 0:05:48]} Rxe8 {[%emt 0:00:05]} 32. Bd4 {[%emt 0:01:15]} Be4 {[%emt 0:01:29]} 33. Bf2 {[%emt 0:01:05]} Qxb2 {[%emt 0:01:51]} 34. Qc7 {[%emt 0:00:35]} d5 {[%emt 0:00:23]} 35. c4 {[%emt 0:00:16]} Bd3 {[%emt 0:00:36]} 36. Rd1 {[%emt 0:00:40]} Ng4 {[%emt 0:00:57]} 37. Ba7 {[%emt 0:00:47]} Qe2 {[%emt 0:01:51]} 38. Qg3 {[%emt 0:00:31]} dxc4 {[%emt 0:00:15]} 39. Ba4 {[%emt 0:00:30]} Ra8 {[%emt 0:00:51]} 40. Re1 {[%emt 0:00:00]} Qd2 {[%emt 0:00:00]} 41. Bc6 {[%emt 0:06:03]} Rf8 {[%emt 0:04:29]} 42. Bc5 {[%emt 0:01:44]} Rd8 {[%emt 0:03:55]} 43. Be7 {[%emt 0:01:19]} Be2 {[%emt 0:00:59]} 44. h3 {[%emt 0:04:33]} Rc8 {[%emt 0:13:05]} 45. hxg4 {[%emt 0:05:00]} c3 {[%emt 0:00:18]} 46. Bb4 {[%emt 0:06:38]} Qd4+ {[%emt 0:02:33]} 47. Qf2 {[%emt 0:00:25]} Qxb4 {[%emt 0:00:05]} 48. Rxe2 {[%emt 0:00:56]} Qb1+ {[%emt 0:00:28]} 49. Re1 {[%emt 0:01:36]} c2 {[%emt 0:00:20]} 50. Be4 {[%emt 0:03:39]} Qxe1+ {[%emt 0:00:47]} 51. Qxe1 {[%emt 0:00:57]} c1=Q {[%emt 0:00:05]} 52. Qxc1 {[%emt 0:00:19]} Rxc1+ {[%emt 0:00:04]} 53. Kf2 {[%emt 0:00:56]} Rc4 {[%emt 0:00:11]} 54. Ke3 {[%emt 0:00:31]} Ra4 {[%emt 0:00:05]} 55. Bd5 {[%emt 0:00:34]} Rxg4 {[%emt 0:00:08]} 56. Be4 {[%emt 0:00:28]} Rg3+ {[%emt 0:00:27]} 57. Kd4 {[%emt 0:00:15]} Ra3 {[%emt 0:00:05]} 58. Bd5 {[%emt 0:00:13]} Kf8 {[%emt 0:00:04]} 59. Bb3 {[%emt 0:00:23]} Ke7 {[%emt 0:00:08]} 60. Kc5 {[%emt 0:00:13]} f5 {[%emt 0:00:28]} 61. Kb4 {[%emt 0:00:09]} Ra7 {[%emt 0:00:10]} 62. a4 {[%emt 0:00:11]} Kd6 {[%emt 0:00:45]} 63. a5 {[%emt 0:00:10]} Rb7+ {[%emt 0:01:52]} 64. Kc4 {[%emt 0:01:08]} Rxb3 {[%emt 0:02:30]} 65. Kxb3 {[%emt 0:00:07]} f4 {[%emt 0:00:17]} 66. Kc4 {[%emt 0:00:13]} Kc6 {[%emt 0:00:16]} 67. Kd4 {[%emt 0:00:14]} h5 {[%emt 0:00:07]} 68. Ke4 {[%emt 0:00:22]} g5 {[%emt 0:00:04]} 69. Kf5 {[%emt 0:00:34]} h4 {[%emt 0:00:10]} 70. Kxg5 {[%emt 0:00:50]} h3 {[%emt 0:00:16]} 0-1

[Event "Mitropa Online Cup Women 2021"]
[Site "Hybrid"]
[Date "2021.05.04"]
[Round "6.5"]
[White "Zimina, Olga"]
[Black "Urh, Zala"]
[Result "0-1"]
[WhiteElo "2354"]
[BlackElo "2173"]
[Annotator "NA"]
[PlyCount "112"]
[EventDate "2021.05.04"]
[EventType "team-tourn"]
[EventCountry "NET"]
[SourceTitle "playchess.com"]
[Source "ChessBase"]
[SourceQuality "1"]
[WhiteTeam "Italy"]
[BlackTeam "Slovenia"]
[WhiteTeamCountry "ITA"]
[BlackTeamCountry "SLO"]
[TimeControl "40/5400+30:1800+30"]

1. d4 {[%emt 0:00:00]} Nf6 {[%emt 0:00:08]} 2. c4 {[%emt 0:00:16]} e6 {[%emt 0:00:06]} 3. g3 {[%emt 0:00:07]} d5 {[%emt 0:00:10]} 4. Bg2 {[%emt 0:00:14]} dxc4 {[%emt 0:00:25]} 5. Nf3 {[%emt 0:00:09]} Bb4+ {[%emt 0:00:16]} 6. Bd2 {[%emt 0:00:07]} a5 {[%emt 0:00:19]} 7. Qc2 {[%emt 0:00:10]} Bxd2+ {[%emt 0:00:18]} 8. Qxd2 {[%emt 0:00:07]} c6 {[%emt 0:00:26]} 9. a4 {[%emt 0:00:12]} Ne4 {[%emt 0:00:30]} 10. Qf4 {[%emt 0:00:10]} Qb6 {[%emt 0:01:57]} 11. O-O {[%emt 0:00:11]} Qxb2 {[%emt 0:01:11]} 12. Na3 {[%emt 0:00:10]} Nc3 {[%emt 0:01:09]} 13. Qe3 {[%emt 0:02:13]} Nd5 {[%emt 0:04:21]} 14. Qg5 {[%emt 0:02:02]} O-O {[%emt 0:02:03]} 15. e4 {[%emt 0:09:56]} h6 {[%emt 0:12:47]} 16. Qh5 {[%emt 0:14:59]} Nc3 {[%emt 0:12:58]} 17. Nxc4 {[%emt 0:01:20]} Qb4 {[%emt 0:00:55]} 18. Nfd2 {[%emt 0:20:06]} b5 {[%emt 0:07:14]} 19. axb5 {[%emt 0:04:20]} cxb5 {[%emt 0:01:58]} 20. e5 {[%emt 0:06:44]} Ra7 {[%emt 0:03:21]} 21. Nd6 {[%emt 0:00:48]} Bd7 {[%emt 0:12:05]} 22. N2e4 {[%emt 0:02:31]} Nxe4 {[%emt 0:01:11]} 23. Nxe4 {[%emt 0:09:59]} Bc6 {[%emt 0:07:25]} 24. Rab1 {[%emt 0:10:01]} Qe7 {[%emt 0:05:46]} 25. f4 {[%emt 0:03:09]} b4 {[%emt 0:06:03]} 26. g4 {[%emt 0:00:27]} Qd8 {[%emt 0:02:25]} 27. Rbd1 {[%emt 0:01:03]} Rd7 {[%emt 0:03:56]} 28. g5 {[%emt 0:03:21]} Rxd4 {[%emt 0:01:16]} 29. gxh6 {[%emt 0:02:55]} g6 {[%emt 0:00:34]} 30. Qe2 {[%emt 0:03:13]} a4 {[%emt 0:02:22]} 31. Rc1 {[%emt 0:01:48]} Rxe4 {[%emt 0:03:08]} 32. Qf2 {[%emt 0:00:15]} Bd5 {[%emt 0:02:01]} 33. Bxe4 {[%emt 0:02:23]} Bxe4 {[%emt 0:00:07]} 34. Rc4 {[%emt 0:00:06]} Bd5 {[%emt 0:02:03]} 35. Rxb4 {[%emt 0:00:19]} a3 {[%emt 0:00:06]} 36. h4 {[%emt 0:01:00]} Qa5 {[%emt 0:01:17]} 37. Rbb1 {[%emt 0:01:02]} a2 {[%emt 0:00:45]} 38. Ra1 {[%emt 0:00:23]} Nd7 {[%emt 0:00:45]} 39. Kh2 {[%emt 0:00:08]} Qc5 {[%emt 0:01:01]} 40. Qg3 {[%emt 0:00:00]} Rb8 {[%emt 0:00:00]} 41. h7+ {[%emt 0:07:31]} Kh8 {[%emt 0:03:49]} 42. Rfc1 {[%emt 0:03:40]} Qd4 {[%emt 0:03:35]} 43. Rd1 {[%emt 0:02:37]} Rb2+ {[%emt 0:03:00]} 44. Kh3 {[%emt 0:00:22]} Qxd1 {[%emt 0:03:00]} 45. Rxd1 {[%emt 0:00:46]} Rb3 {[%emt 0:00:08]} 46. Ra1 {[%emt 0:04:04]} Rxg3+ {[%emt 0:00:12]} 47. Kxg3 {[%emt 0:00:21]} Nc5 {[%emt 0:00:28]} 48. Kg4 {[%emt 0:00:18]} Kxh7 {[%emt 0:00:24]} 49. h5 {[%emt 0:00:09]} gxh5+ {[%emt 0:00:08]} 50. Kxh5 {[%emt 0:00:02]} Nd3 {[%emt 0:00:32]} 51. Kg5 {[%emt 0:00:08]} Kg7 {[%emt 0:00:47]} 52. Rg1 {[%emt 0:01:10]} Be4 {[%emt 0:01:16]} 53. f5 {[%emt 0:05:26]} Bxf5 {[%emt 0:00:24]} 54. Ra1 {[%emt 0:00:12]} Nb4 {[%emt 0:00:16]} 55. Kf4 {[%emt 0:00:04]} Bb1 {[%emt 0:00:06]} 56. Ke3 {[%emt 0:00:13]} Nc2+ {[%emt 0:00:05]} 0-1

[Event "Mitropa Online Cup Women 2021"]
[Site "Hybrid"]
[Date "2021.05.04"]
[Round "6.5"]
[White "Janzelj, Lara"]
[Black "Brunello, Marina"]
[Result "0-1"]
[WhiteElo "2212"]
[BlackElo "2367"]
[Annotator "NA"]
[PlyCount "118"]
[EventDate "2021.05.04"]
[EventType "team-tourn"]
[EventCountry "NET"]
[SourceTitle "playchess.com"]
[Source "ChessBase"]
[SourceQuality "1"]
[WhiteTeam "Slovenia"]
[BlackTeam "Italy"]
[WhiteTeamCountry "SLO"]
[BlackTeamCountry "ITA"]
[TimeControl "40/5400+30:1800+30"]

1. d4 {[%emt 0:00:00]} d5 {[%emt 0:00:17]} 2. c4 {[%emt 0:00:09]} c6 {[%emt 0:00:40]} 3. Nf3 {[%emt 0:00:18]} Nf6 {[%emt 0:00:07]} 4. Qc2 {[%emt 0:00:14]} dxc4 {[%emt 0:00:50]} 5. Qxc4 {[%emt 0:00:13]} Bf5 {[%emt 0:00:05]} 6. g3 {[%emt 0:00:16]} e6 {[%emt 0:00:07]} 7. Bg2 {[%emt 0:00:18]} Be7 {[%emt 0:00:38]} 8. O-O {[%emt 0:00:13]} Nbd7 {[%emt 0:00:26]} 9. e3 {[%emt 0:00:40]} O-O {[%emt 0:00:20]} 10. Qe2 {[%emt 0:00:47]} Qc7 {[%emt 0:02:37]} 11. Nc3 {[%emt 0:00:18]} e5 {[%emt 0:03:55]} 12. dxe5 {[%emt 0:01:32]} Nxe5 {[%emt 0:00:29]} 13. Nxe5 {[%emt 0:00:19]} Qxe5 {[%emt 0:00:03]} 14. e4 {[%emt 0:00:12]} Bg4 {[%emt 0:10:03]} 15. f3 {[%emt 0:00:46]} Be6 {[%emt 0:01:56]} 16. Be3 {[%emt 0:04:31]} Bc5 {[%emt 0:05:29]} 17. Bxc5 {[%emt 0:06:46]} Qxc5+ {[%emt 0:00:05]} 18. Qf2 {[%emt 0:00:08]} Qxf2+ {[%emt 0:07:34]} 19. Kxf2 {[%emt 0:01:37]} Rfd8 {[%emt 0:00:10]} 20. Rfd1 {[%emt 0:00:32]} a5 {[%emt 0:00:35]} 21. h3 {[%emt 0:10:04]} Nd7 {[%emt 0:08:06]} 22. f4 {[%emt 0:09:58]} f6 {[%emt 0:00:25]} 23. Rd6 {[%emt 0:01:55]} Nc5 {[%emt 0:01:18]} 24. Rad1 {[%emt 0:00:51]} Rxd6 {[%emt 0:00:07]} 25. Rxd6 {[%emt 0:00:07]} Kf8 {[%emt 0:00:15]} 26. Ke3 {[%emt 0:05:18]} Ke7 {[%emt 0:00:11]} 27. Rd2 {[%emt 0:00:21]} a4 {[%emt 0:05:36]} 28. Rc2 {[%emt 0:11:13]} a3 {[%emt 0:04:34]} 29. b3 {[%emt 0:02:27]} Na6 {[%emt 0:01:38]} 30. Rd2 {[%emt 0:05:24]} Nb4 {[%emt 0:00:53]} 31. g4 {[%emt 0:00:52]} Ra5 {[%emt 0:03:40]} 32. Bf3 {[%emt 0:03:27]} g5 {[%emt 0:09:51]} 33. Bd1 {[%emt 0:05:03]} h6 {[%emt 0:00:46]} 34. f5 {[%emt 0:08:27]} Bf7 {[%emt 0:04:56]} 35. h4 {[%emt 0:08:15]} gxh4 {[%emt 0:05:17]} 36. Rh2 {[%emt 0:01:11]} Ra8 {[%emt 0:00:43]} 37. Rxh4 {[%emt 0:01:28]} Rd8 {[%emt 0:00:04]} 38. Be2 {[%emt 0:02:38]} Nc2+ {[%emt 0:00:05]} 39. Kf4 {[%emt 0:01:40]} b5 {[%emt 0:00:55]} 40. e5 {[%emt 0:00:00]} Rd4+ {[%emt 0:00:00]} 41. Ne4 {[%emt 0:06:35]} Bd5 {[%emt 0:05:55]} 42. exf6+ {[%emt 0:10:04]} Kf7 {[%emt 0:13:09]} 43. Bf3 {[%emt 0:02:33]} Ne1 {[%emt 0:00:06]} 44. Rxh6 {[%emt 0:04:40]} Nxf3 {[%emt 0:01:09]} 45. Rh7+ {[%emt 0:00:08]} Kg8 {[%emt 0:00:52]} 46. Rg7+ {[%emt 0:00:33]} Kf8 {[%emt 0:00:37]} 47. Kxf3 {[%emt 0:00:36]} Rxe4 {[%emt 0:00:09]} 48. Rd7 {[%emt 0:04:42]} Ke8 {[%emt 0:03:37]} 49. Rd6 {[%emt 0:00:22]} Rd4+ {[%emt 0:03:14]} 50. Kg3 {[%emt 0:00:07]} Rd2 {[%emt 0:01:08]} 51. g5 {[%emt 0:00:13]} Rxa2 {[%emt 0:00:31]} 52. g6 {[%emt 0:00:18]} Rg2+ {[%emt 0:00:37]} 53. Kf4 {[%emt 0:00:32]} a2 {[%emt 0:01:54]} 54. f7+ {[%emt 0:00:36]} Bxf7 {[%emt 0:00:21]} 55. gxf7+ {[%emt 0:00:08]} Kxf7 {[%emt 0:00:03]} 56. Rd7+ {[%emt 0:00:34]} Kf6 {[%emt 0:00:07]} 57. Ra7 {[%emt 0:00:20]} Rh2 {[%emt 0:10:47]} 58. Ke4 {[%emt 0:06:17]} Rh4+ {[%emt 0:00:40]} 59. Kd3 {[%emt 0:00:59]} Ra4 {[%emt 0:00:06]} 0-1

[Event "Mitropa Online Cup Women 2021"]
[Site "Hybrid"]
[Date "2021.05.04"]
[Round "6.5"]
[White "Hercog, Nusa"]
[Black "Gueci, Tea"]
[Result "1/2-1/2"]
[WhiteElo "2088"]
[BlackElo "2204"]
[Annotator "NA"]
[PlyCount "84"]
[EventDate "2021.05.04"]
[EventType "team-tourn"]
[EventCountry "NET"]
[SourceTitle "playchess.com"]
[Source "ChessBase"]
[SourceQuality "1"]
[WhiteTeam "Slovenia"]
[BlackTeam "Italy"]
[WhiteTeamCountry "SLO"]
[BlackTeamCountry "ITA"]
[TimeControl "40/5400+30:1800+30"]

1. d4 {[%emt 0:00:00]} d5 {[%emt 0:00:07]} 2. c4 {[%emt 0:00:10]} e6 {[%emt 0:00:02]} 3. Nc3 {[%emt 0:00:14]} c5 {[%emt 0:00:05]} 4. cxd5 {[%emt 0:02:37]} exd5 {[%emt 0:00:03]} 5. Nf3 {[%emt 0:03:08]} Nc6 {[%emt 0:00:09]} 6. dxc5 {[%emt 0:07:50]} d4 {[%emt 0:00:39]} 7. Na4 {[%emt 0:00:39]} Bxc5 {[%emt 0:00:29]} 8. Nxc5 {[%emt 0:00:09]} Qa5+ {[%emt 0:00:03]} 9. Bd2 {[%emt 0:00:15]} Qxc5 {[%emt 0:00:03]} 10. Rc1 {[%emt 0:00:50]} Qb6 {[%emt 0:03:29]} 11. e3 {[%emt 0:02:56]} Nf6 {[%emt 0:01:24]} 12. Bc4 {[%emt 0:05:03]} O-O {[%emt 0:06:26]} 13. h3 {[%emt 0:04:40]} Qxb2 {[%emt 0:07:23]} 14. Nxd4 {[%emt 0:09:31]} Ne4 {[%emt 0:09:42]} 15. Rc2 {[%emt 0:07:43]} Qb6 {[%emt 0:00:53]} 16. Nxc6 {[%emt 0:01:35]} bxc6 {[%emt 0:01:01]} 17. O-O {[%emt 0:03:19]} Bf5 {[%emt 0:04:23]} 18. Qa1 {[%emt 0:09:21]} Qd8 {[%emt 0:13:29]} 19. Bb4 {[%emt 0:09:40]} c5 {[%emt 0:01:30]} 20. Qe5 {[%emt 0:01:07]} Qf6 {[%emt 0:12:36]} 21. Bc3 {[%emt 0:06:11]} Qxe5 {[%emt 0:04:49]} 22. Bxe5 {[%emt 0:00:08]} Rfe8 {[%emt 0:09:43]} 23. Bh2 {[%emt 0:03:49]} Nd6 {[%emt 0:04:15]} 24. Bd5 {[%emt 0:03:01]} Bxc2 {[%emt 0:02:33]} 25. Bxa8 {[%emt 0:00:13]} Rxa8 {[%emt 0:00:07]} 26. Bxd6 {[%emt 0:00:08]} c4 {[%emt 0:00:27]} 27. Rc1 {[%emt 0:01:03]} Bd3 {[%emt 0:00:27]} 28. Bb4 {[%emt 0:02:34]} Rb8 {[%emt 0:01:12]} 29. a3 {[%emt 0:00:42]} Rb5 {[%emt 0:02:30]} 30. f3 {[%emt 0:04:17]} f5 {[%emt 0:04:00]} 31. Kf2 {[%emt 0:03:38]} Kf7 {[%emt 0:00:55]} 32. Ke1 {[%emt 0:01:33]} Ke6 {[%emt 0:01:53]} 33. Kf2 {[%emt 0:04:32]} a5 {[%emt 0:02:46]} 34. Bc3 {[%emt 0:00:17]} g6 {[%emt 0:00:02]} 35. Ke1 {[%emt 0:00:53]} Kd5 {[%emt 0:01:22]} 36. Kd2 {[%emt 0:00:43]} Kc6 {[%emt 0:01:40]} 37. Ra1 {[%emt 0:00:53]} Rd5 {[%emt 0:04:06]} 38. Ke1 {[%emt 0:02:49]} Rb5 {[%emt 0:01:12]} 39. Kd2 {[%emt 0:00:13]} Kb6 {[%emt 0:00:39]} 40. a4 {[%emt 0:00:00]} Rb3 {[%emt 0:00:00]} 41. Bd4+ {[%emt 0:06:01]} Kc6 {[%emt 0:05:27]} 42. h4 {[%emt 0:02:19]} h5 {[%emt 0:02:53]} 1/2-1/2

[Event "Mitropa Online Cup Women 2021"]
[Site "Hybrid"]
[Date "2021.05.04"]
[Round "6.5"]
[White "Grimaldi, Angela Flavia"]
[Black "Ruzic, Pia Marie"]
[Result "1-0"]
[WhiteElo "2060"]
[BlackElo "1990"]
[Annotator "NA"]
[PlyCount "53"]
[EventDate "2021.05.04"]
[EventType "team-tourn"]
[EventCountry "NET"]
[SourceTitle "playchess.com"]
[Source "ChessBase"]
[SourceQuality "1"]
[WhiteTeam "Italy"]
[BlackTeam "Slovenia"]
[WhiteTeamCountry "ITA"]
[BlackTeamCountry "SLO"]
[TimeControl "40/5400+30:1800+30"]

1. e4 {[%emt 0:00:00]} e6 {[%emt 0:00:07]} 2. d4 {[%emt 0:00:06]} d5 {[%emt 0:00:06]} 3. Nc3 {[%emt 0:00:09]} Nf6 {[%emt 0:00:10]} 4. e5 {[%emt 0:00:36]} Nfd7 {[%emt 0:00:07]} 5. Nce2 {[%emt 0:00:21]} c5 {[%emt 0:00:10]} 6. c3 {[%emt 0:00:05]} Nc6 {[%emt 0:00:09]} 7. Nf3 {[%emt 0:00:08]} Qb6 {[%emt 0:02:02]} 8. a3 {[%emt 0:01:01]} a5 {[%emt 0:00:34]} 9. g3 {[%emt 0:00:59]} Be7 {[%emt 0:04:17]} 10. Bg2 {[%emt 0:00:12]} O-O {[%emt 0:04:58]} 11. O-O {[%emt 0:00:25]} cxd4 {[%emt 0:04:02]} 12. cxd4 {[%emt 0:00:45]} f6 {[%emt 0:00:36]} 13. exf6 {[%emt 0:03:24]} Nxf6 {[%emt 0:01:37]} 14. Nc3 {[%emt 0:05:02]} Bd7 {[%emt 0:11:26]} 15. Bf4 {[%emt 0:14:25]} Ne4 {[%emt 0:12:28]} 16. Nxe4 {[%emt 0:06:53]} dxe4 {[%emt 0:00:12]} 17. Ne5 {[%emt 0:00:47]} Nxe5 {[%emt 0:15:55]} 18. Bxe5 {[%emt 0:02:11]} Bf6 {[%emt 0:06:05]} 19. Bxe4 {[%emt 0:10:33]} Bxe5 {[%emt 0:08:32]} 20. Qh5 {[%emt 0:06:01]} Rf5 {[%emt 0:05:20]} 21. Bxf5 {[%emt 0:01:51]} exf5 {[%emt 0:00:04]} 22. dxe5 {[%emt 0:00:27]} Qxb2 {[%emt 0:09:11]} 23. Rfe1 {[%emt 0:13:44]} Rc8 {[%emt 0:05:44]} 24. Rab1 {[%emt 0:06:21]} Qd2 {[%emt 0:04:20]} 25. e6 {[%emt 0:03:55]} Bc6 {[%emt 0:01:28]} 26. Qf7+ {[%emt 0:01:18]} Kh8 {[%emt 0:00:19]} 27. e7 {[%emt 0:00:39]} 1-0